Datum a čas kvízu
34
Celkem bodů
Celkový počet nahraných bodů na tomto kvízu bez doplňovacích otázek.
5.
Pořadí na kvízu
Konečné umístění týmu na tomto kvízu.
Zaznamenané odpovědi
| # | Otázka | Odpověď | Body | Výsledky |
|---|---|---|---|---|
| 1. | Od pondělí do čtvrtka brázdila... | Formule 1 | 1 | |
| 2. | V českých médiích se minulý tý... | kozy (a kozly) | 1 | |
| 3. | 39letá americká zpěvačka natoč... | Katy Perry | 1 | |
| 4. | Ve čtvrtek byla v aukci v Los... | klobouk (Indiany Jonese) | 1 | |
| 5. | Který český fotbalista přestou... | Adam Hložek | 1 | |
| 6. | Ve kterém americkém filmu z ro... | Ladíme! (Pitch Perfect) | 1 | |
| 7. | Francouzská hudební komedie s... | Piti Piti Pa | 1 | |
| 8. | Animovaný hudební film Alvin a... | Simon a Theodor | 0 | |
| 9. | V Hříšném tanci si zahráli hla... | Frances, Baby | 0.5 | |
| 10. | Který hudební film s Karlem Go... | Hvězda padá vzhůru | 0 |